Examination paper and markscheme pack : (Record no. 109819)
[ view plain ]
| 000 -LEADER | |
|---|---|
| fixed length control field | 00843nam a2200193 a 4500 |
| 005 - DATE AND TIME OF LATEST TRANSACTION | |
| control field | 20140414093850.0 |
| 008 - FIXED-LENGTH DATA ELEMENTS--GENERAL INFORMATION | |
| fixed length control field | 130302s19uu xx uuu eng d |
| 020 ## - INTERNATIONAL STANDARD BOOK NUMBER | |
| International Standard Book Number | 9781906345778 |
| 050 ## - LIBRARY OF CONGRESS CALL NUMBER | |
| Classification number | CDR 370.1 |
| Item number | EXA 2012 |
| 100 ## - MAIN ENTRY--PERSONAL NAME | |
| Personal name | International Baccalaureate Organization |
| 245 ## - TITLE STATEMENT | |
| Title | Examination paper and markscheme pack : |
| Remainder of title | May 2012 examination session / |
| Statement of responsibility, etc | International Baccalaureate Organization. |
| 260 ## - PUBLICATION, DISTRIBUTION, ETC. (IMPRINT) | |
| Place of publication, distribution, etc | United Kingdom : |
| Name of publisher, distributor, etc | IB Diploma Programme, |
| Date of publication, distribution, etc | 2012. |
| 520 ## - SUMMARY, ETC. | |
| Summary, etc | This comprehensive CD-ROM pack contains the IB DP exampination papers and markschemes for the May 2012 examination session. Presented in their original format, these papers areexecellent preparation for live examinations, and the accompanying marks. |
| 650 ## - SUBJECT ADDED ENTRY--TOPICAL TERM | |
| Topical term or geographic name as entry element | Examinations |
| 650 ## - SUBJECT ADDED ENTRY--TOPICAL TERM | |
| Topical term or geographic name as entry element | Markscheme |
| 650 ## - SUBJECT ADDED ENTRY--TOPICAL TERM | |
| Topical term or geographic name as entry element | Tests |
| 942 ## - ADDED ENTRY ELEMENTS (KOHA) | |
| Koha item type | Audio Visual Materials |
| Withdrawn status | Lost status | Damaged status | Use restrictions | Home library | Current library | Shelving location | Date acquired | Source of acquisition | Cost, normal purchase price | Total Checkouts | Total Renewals | Full call number | Barcode | Date last seen | Date checked out | Price effective from | Koha item type |
|---|---|---|---|---|---|---|---|---|---|---|---|---|---|---|---|---|---|
| Luxembourg Library | Luxembourg Library | Audio Visual Material Section | 03/02/2013 | 109.00 | 1 | 1 | CDR 370.1 EXA 2012 | AV1509 | 12/01/2016 | 11/29/2016 | 04/14/2014 | Audio Visual Materials |